[Event "Saale-Herbst op 3rd"]
[Site "Halle/Saale"]
[Date "2006.10.27"]
[Round "5"]
[White "Weigelt, Joachim"]
[Black "Mueller, Marius"]
[Result "1-0"]
[WhiteElo "1641"]
[BlackElo "1305"]
[PlyCount "161"]
[EventDate "2006.10.25"]
[EventType "swiss"]
[EventRounds "7"]
[EventCountry "GER"]
[SourceTitle "EXT 2019"]
[Source "ChessBase"]
[SourceDate "2018.10.10"]
[SourceVersion "1"]
[SourceVersionDate "2018.10.10"]
[SourceQuality "1"]

1. e4 d5 2. exd5 Nf6 3. Nf3 Nxd5 4. Nc3 Nc6 5. Bc4 Nb6 6. Bb3 e5 7. d3 Bc5 8. a3 0-0 9. Ne4 Be7 10. 0-0 Bg4 11. Be3 Qd7 12. h3 Bh5 13. Ng3 Bg6 14. Re1 Bf6 15. Rb1 Nd4 16. Bxd4 exd4 17. Ne4 Bxe4 18. Rxe4 Rfe8 19. Nd2 Re5 20. Rxe5 Bxe5 21. Ne4 Nd5 22. Qf3 Nf6 23. Nxf6+ Bxf6 24. Qxb7 Qc8 25. Qxc8+ Rxc8 26. Bc4 Re8 27. Kf1 Kf8 28. a4 Bd8 29. b4 c6 30. b5 c5 31. Re1 Rxe1+ 32. Kxe1 Ba5+ 33. Ke2 f6 34. f4 Ke7 35. Kf3 h5 36. f5 Bc7 37. h4 Kd6 38. g4 Ke5 39. Be6 Kd6 40. gxh5 Ba5 41. h6 gxh6 42. Kg4 Be1 43. Kh5 Kc7 44. a5 Kb7 45. Bd5+ Kc7 46. Be4 Bf2 47. Kg4 Be1 48. Kh5 Bf2 49. Bd5 Be1 50. Bc4 Kb7 51. Kxh6 Bxh4 52. Kg6 Bg5 53. Kf7 Bh4 54. Ke6 Bg5 55. Kd5 Bd2 56. Kxc5 Bxa5 57. Kxd4 Bc7 58. Kd5 Bd8 59. Bb3 Kb6 60. c4 Bc7 61. Bd1 Bb8 62. Bh5 a5 63. bxa6 Kxa6 64. d4 Bf4 65. Ke6 Bg5 66. d5 Kb7 67. d6 Kc8 68. Ke7 Kb7 69. d7 Be3 70. d8Q Bc5+ 71. Kxf6 Bb6 72. Qxb6+ Kxb6 73. Ke7 Ka7 74. f6 Kb7 75. Bf3+ Kb6 76. f7 Kc5 77. Bd5 Kb6 78. f8Q Ka7 79. Qa8+ Kb6 80. Qc6+ Ka5 81. Qb5# 1-0

[Event "Saale-Herbst op 3rd"]
[Site "Halle/Saale"]
[Date "2006.10.26"]
[Round "3"]
[White "Weigelt, Joachim"]
[Black "Markus, Roland"]
[Result "1/2-1/2"]
[WhiteElo "1641"]
[BlackElo "1625"]
[PlyCount "54"]
[EventDate "2006.10.25"]
[EventType "swiss"]
[EventRounds "7"]
[EventCountry "GER"]
[SourceTitle "EXT 2019"]
[Source "ChessBase"]
[SourceDate "2018.10.10"]
[SourceVersion "1"]
[SourceVersionDate "2018.10.10"]
[SourceQuality "1"]

1. e4 c6 2. d4 d5 3. Nd2 dxe4 4. Nxe4 Bf5 5. Ng3 Bg6 6. Nf3 Nd7 7. c3 e6 8. Be3 Ngf6 9. Be2 Bd6 10. 0-0 Qc7 11. Nh4 0-0-0 12. c4 Kb8 13. c5 Bf4 14. Qb3 Nd5 15. Bxf4 Nxf4 16. a4 Nxe2+ 17. Nxe2 Bh5 18. Ng3 Nf6 19. Nxh5 Nxh5 20. Nf3 Nf4 21. Rfe1 Rd5 22. Rad1 Rhd8 23. g3 Ng6 24. Qc3 e5 25. Rd2 exd4 26. Rxd4 Rxd4 27. Nxd4 Ne7 1/2-1/2